=LDR 00000nam 2200000 4500 =001 INLIS000000000034329 =005 20140414110107.0 =006 =007 =008 ind =035 ##$$a 0010-061300000034329 =041 ##$$a ind =082 ##$$a 028.5 =090 ##$$a 028.5, Mua s =100 ##$$a MUAKHIR, Ali =245 ##$$a Senang mandi sendiri, Like to Batch miself, Ali Muakhir ; penerjemah, Noviana Abdi ; editor, Tim GB =260 ##$$a 2008 $b Solo =300 ##$$a 23 hlm, ilus, 18 cm =650 ##$$a Bacaan Kanak - kanak =700 ##$$a Abdu, Noviana =850 ##$$a NBPNMAT